[Event "VI Open Internacional Memorial Pedro Lez"]
[Site "Ateneo Municipal de Vecindario"]
[Date "2013.03.27"]
[Round "3"]
[White "Diaz Hernandez, Francisco Javi"]
[Black "Diaz Suarez, Cayetano"]
[Result "0-1"]
[WhiteElo "1534"]
[BlackElo "1848"]
[PlyCount "92"]
[EventDate "2013.03.25"]
[EventRounds "9"]
[EventCountry "ESP"]

1. g3 e5 2. Bg2 d5 3. c4 d4 4. d3 Nc6 5. a3 a5 6. a4 Bb4+ 7. Bd2 Nge7 8. Na3
O-O 9. Nc2 Qd6 10. Nh3 Bxh3 11. Bxh3 f5 12. O-O Bxd2 13. Qxd2 Rad8 14. Bg2 Rd7
15. f3 f4 16. Kf2 Rdd8 17. Rh1 Nf5 18. Rab1 Ne3 19. g4 Nxc2 20. Qxc2 Nb4 21. c5
Nxc2 22. cxd6 Rxd6 23. g5 Nb4 24. h4 Rc6 25. Rhc1 Rd8 26. Rxc6 Nxc6 27. Bh3 g6
28. Rc1 Kf7 29. Rc5 Ke7 30. Bg4 Kd6 31. Rc2 Ra8 32. Rc1 Ra6 33. h5 Rb6 34. hxg6
hxg6 35. Rh1 Nd8 36. Rh7 Ne6 37. Bxe6 Kxe6 38. Rxc7 Rxb2 39. Ke1 Kf5 40. Kd1 b6
41. Rc2 Rb4 42. Rc4 Rb2 43. Rc2 Rb3 44. Kd2 b5 45. axb5 Rxb5 46. Kc1 Kxg5 0-1

[Event "VI Open Internacional Memorial Pedro Lez"]
[Site "Ateneo Municipal de Vecindario"]
[Date "2013.03.27"]
[Round "3"]
[White "Guerra Arrocha, Daniel"]
[Black "Quevedo Sarmiento, Jacinto"]
[Result "1-0"]
[WhiteElo "1848"]
[BlackElo "1532"]
[PlyCount "49"]
[EventDate "2013.03.25"]
[EventRounds "9"]
[EventCountry "ESP"]

1. e4 c5 2. b4 cxb4 3. a3 bxa3 4. Bxa3 a6 5. Bc4 d6 6. Nf3 Bg4 7. Bxf7+ Kxf7 8.
Ng5+ Ke8 9. Qxg4 Qd7 10. Qf3 Nf6 11. Qb3 d5 12. e5 Ne4 13. e6 Qb5 14. Nxe4 dxe4
15. Nc3 Qxb3 16. cxb3 Nc6 17. Nd5 Kd8 18. Bc5 Rc8 19. Bb6+ Ke8 20. Nc7+ Rxc7
21. Bxc7 g6 22. O-O Bg7 23. Rae1 Bh6 24. Rxe4 Bxd2 25. Rd1 1-0

[Event "VI Open Internacional Memorial Pedro Lez"]
[Site "Ateneo Municipal de Vecindario"]
[Date "2013.03.27"]
[Round "3"]
[White "Morales Sanchez, Domingo"]
[Black "Aguilera Suarez, Antonio"]
[Result "0-1"]
[WhiteElo "1471"]
[BlackElo "1842"]
[PlyCount "104"]
[EventDate "2013.03.25"]
[EventRounds "9"]
[EventCountry "ESP"]

1. c4 e5 2. Nc3 Nf6 3. d3 d5 4. cxd5 Nxd5 5. g3 Be7 6. Bg2 c6 7. Bd2 O-O 8. Nf3
f6 9. O-O Kh8 10. a3 Nd7 11. b4 N7b6 12. Rb1 Nxc3 13. Bxc3 Nd5 14. Bd2 Be6 15.
Ne1 Qd7 16. Nc2 f5 17. e4 Nc7 18. Bc3 Bf6 19. d4 Nb5 20. Bb2 exd4 21. Re1 fxe4
22. Bxe4 Bf5 23. Qd3 Bxe4 24. Rxe4 Rad8 25. Rd1 Rfe8 26. Rxe8+ Qxe8 27. Re1 Qh5
28. Na1 h6 29. Nb3 b6 30. Nd2 Nc3 31. Qf3 Qxf3 32. Nxf3 c5 33. Nd2 cxb4 34.
axb4 Rd5 35. Ra1 Rd7 36. f4 Kh7 37. Kg2 Re7 38. Bxc3 dxc3 39. Nf3 Re4 40. Rxa7
Rxb4 41. Rc7 b5 42. Ne5 Rb2+ 43. Kf1 b4 44. Ke1 Rxh2 45. Ng4 Rh1+ 46. Ke2 Kg6
47. Rc6 h5 48. Ne5+ Kf5 49. Nd3 b3 50. Rc5+ Kg6 51. Ne5+ Bxe5 52. fxe5 b2 0-1

[Event "VI Open Internacional Memorial Pedro Lez"]
[Site "Ateneo Municipal de Vecindario"]
[Date "2013.03.27"]
[Round "3"]
[White "Capote Robayna, Johanna"]
[Black "Diaz Martin, Cristina"]
[Result "1-0"]
[WhiteElo "1813"]
[BlackElo "1471"]
[PlyCount "93"]
[EventDate "2013.03.25"]
[EventRounds "9"]
[EventCountry "ESP"]

1. e4 e5 2. Nf3 Nc6 3. Bb5 a6 4. Ba4 Nf6 5. O-O Bc5 6. Nxe5 Nxe4 7. Qf3 Nxe5 8.
Qxe4 Qe7 9. d4 Ng6 10. Qd3 Ba7 11. f4 O-O 12. c3 Qf6 13. f5 Ne7 14. Nd2 d5 15.
Nf3 Bxf5 16. Qe2 Bg4 17. Qe1 Nf5 18. Ne5 Qh4 19. Qxh4 Nxh4 20. Nxg4 Ng6 21. Bd2
c6 22. Bc2 Rfe8 23. Rae1 Rad8 24. Rxe8+ Rxe8 25. Re1 Rxe1+ 26. Bxe1 Nf4 27. Kf2
g6 28. Nf6+ Kg7 29. Ne8+ Kf8 30. Nd6 b5 31. Kf3 Ne6 32. Bg3 Bb6 33. a4 Bc7 34.
Nb7 Bb6 35. Bd6+ Ke8 36. Nc5 Bxc5 37. Bxc5 Kd7 38. axb5 axb5 39. Bd1 Nxc5 40.
dxc5 Ke6 41. Kf4 Kf6 42. Bg4 Ke7 43. Bc8 Kd8 44. Bb7 Kc7 45. Ba6 Kb8 46. Ke5
Kc7 47. Kf6 1-0

[Event "VI Open Internacional Memorial Pedro Lez"]
[Site "Ateneo Municipal de Vecindario"]
[Date "2013.03.27"]
[Round "3"]
[White "Fernandez Arce, Aketza"]
[Black "Rodriguez Mellado, Antonio"]
[Result "0-1"]
[WhiteElo "1437"]
[BlackElo "1797"]
[PlyCount "48"]
[EventDate "2013.03.25"]
[EventRounds "9"]
[EventCountry "ESP"]

1. e4 g6 2. d4 Bg7 3. e5 d6 4. f4 c5 5. c3 Nc6 6. Nf3 Bg4 7. Be2 Qb6 8. Nbd2
O-O-O 9. Nc4 Qc7 10. Be3 dxe5 11. fxe5 Kb8 12. Qc1 cxd4 13. Nxd4 Bxe2 14. Nxe2
Nxe5 15. Nxe5 Bxe5 16. O-O Bxh2+ 17. Kh1 Bd6 18. Rxf7 Nf6 19. Bd4 Qc4 20. Rg7
Qxe2 21. Qg5 Rdf8 22. Bxf6 Rxf6 23. Qd5 Rf1+ 24. Rxf1 Qxf1# 0-1

[Event "VI Open Internacional Memorial Pedro Lez"]
[Site "Ateneo Municipal de Vecindario"]
[Date "2013.03.27"]
[Round "3"]
[White "Cruz Ramirez, Nauzet"]
[Black "Amador Garcia, Ismael"]
[Result "0-1"]
[WhiteElo "1778"]
[BlackElo "1418"]
[PlyCount "74"]
[EventDate "2013.03.25"]
[EventRounds "9"]
[EventCountry "ESP"]

1. d4 Nf6 2. c4 g6 3. Nc3 Bg7 4. e4 d6 5. Nf3 O-O 6. Be2 e5 7. O-O Nc6 8. d5
Ne7 9. b4 Nd7 10. Ba3 f5 11. Nd2 Nf6 12. c5 f4 13. f3 g5 14. b5 Ng6 15. Nc4 Ne8
16. b6 axb6 17. cxb6 cxb6 18. Nb5 Rf6 19. Qe1 Nh4 20. Qf2 Ra6 21. Rab1 Bf8 22.
Nc3 Qc7 23. Rfc1 Rh6 24. Nxb6 Rxb6 25. Rxb6 Qg7 26. Nb5 g4 27. fxg4 Bxg4 28.
Bxg4 Qxg4 29. Rc3 Nf6 30. Nxd6 Nxe4 31. Nxe4 Rxb6 32. d6 Rb1+ 33. Bc1 Kh8 34.
Qd2 Bxd6 35. Nxd6 Rxc1+ 36. Rxc1 Nf3+ 37. Kf2 Nxd2 0-1

[Event "VI Open Internacional Memorial Pedro Lez"]
[Site "Ateneo Municipal de Vecindario"]
[Date "2013.03.27"]
[Round "3"]
[White "Gonzalez Ortega, Pino"]
[Black "Padilla Socorro, Jesus"]
[Result "0-1"]
[WhiteElo "1344"]
[BlackElo "1753"]
[PlyCount "94"]
[EventDate "2013.03.25"]
[EventRounds "9"]
[EventCountry "ESP"]

1. d4 d5 2. c4 c6 3. Nc3 dxc4 4. a4 Nf6 5. Bg5 e6 6. e3 Bb4 7. Bxc4 Qa5 8. Bxf6
Bxc3+ 9. Kf1 gxf6 10. bxc3 Qxc3 11. Qc1 Qa5 12. Nf3 Nd7 13. Qd2 Qxd2 14. Nxd2
e5 15. Nb3 Nb6 16. Bd3 Nd5 17. Ke2 h5 18. Rhc1 Rg8 19. g3 h4 20. a5 Bd7 21.
gxh4 Rh8 22. Rg1 Ke7 23. Rg7 Rxh4 24. Rh1 Rah8 25. Bg6 Be8 26. Bf5 Rxh2 27.
Rhg1 Nc7 28. Bc8 b6 29. axb6 axb6 30. Bf5 Ne6 31. R7g4 R2h4 32. Kf1 Rxg4 33.
Rxg4 Bd7 34. dxe5 fxe5 35. Rg1 Nc5 36. Bxd7 Nxd7 37. Ke2 Nf6 38. Nd2 b5 39. Rd1
Nd5 40. Rc1 Rc8 41. Rc5 f5 42. Nb3 Kd6 43. Kd2 Ra8 44. Rc2 Nb4 45. Rb2 Ra2 46.
Rxa2 Nxa2 47. Kd3 Kd5 0-1

[Event "VI Open Internacional Memorial Pedro Lez"]
[Site "Ateneo Municipal de Vecindario"]
[Date "2013.03.28"]
[Round "4"]
[White "Larino Nieto, David"]
[Black "Vega Gutierrez, Sabrina"]
[Result "1-0"]
[WhiteElo "2508"]
[BlackElo "2364"]
[PlyCount "120"]
[EventDate "2013.03.25"]
[EventRounds "9"]
[EventCountry "ESP"]

1. Nf3 Nf6 2. b3 g6 3. Bb2 Bg7 4. e4 d6 5. Qe2 e5 6. g3 O-O 7. Bg2 Nc6 8. O-O
Bg4 9. h3 Bxf3 10. Qxf3 Nd7 11. Nc3 Nc5 12. Qe3 a5 13. Ne2 a4 14. Bc3 Re8 15.
b4 Ne6 16. a3 Ncd4 17. Rac1 c6 18. Ba1 Bh6 19. Qd3 Nxe2+ 20. Qxe2 Nd4 21. Qd3
Qb6 22. Kh2 Qa6 23. Qxa6 Rxa6 24. Bxd4 exd4 25. f4 Bg7 26. Rce1 h5 27. Bf3 Rb6
28. Rb1 Bf6 29. h4 Kg7 30. Kg2 Re6 31. Kf2 Be7 32. Rfe1 Bd8 33. Bg2 Re7 34. Bf1
Rc7 35. Bd3 Be7 36. Kf3 Bd8 37. Rh1 Kf8 38. g4 hxg4+ 39. Kxg4 c5 40. bxc5 Rxc5
41. Rxb6 Bxb6 42. Rb1 Ba5 43. Rxb7 Bxd2 44. f5 gxf5+ 45. exf5 Kg7 46. Rb6 Rd5
47. Ra6 Bc1 48. Rxa4 Kf6 49. Ra6 Ke5 50. a4 Rc5 51. Ra7 Kf6 52. Rd7 Rc8 53. a5
Ba3 54. a6 Rg8+ 55. Kf4 Rh8 56. a7 Bc5 57. Be4 Bxa7 58. Rxa7 Rxh4+ 59. Kf3 Rh3+
60. Kg4 Rc3 1-0

[Event "VI Open Internacional Memorial Pedro Lez"]
[Site "Ateneo Municipal de Vecindario"]
[Date "2013.03.28"]
[Round "4"]
[White "Martinez Ramirez, Erik"]
[Black "Barlov, Dragan"]
[Result "1/2-1/2"]
[WhiteElo "2302"]
[BlackElo "2454"]
[PlyCount "91"]
[EventDate "2013.03.25"]
[EventRounds "9"]
[EventCountry "ESP"]

1. e4 c5 2. Nf3 e6 3. d4 cxd4 4. Nxd4 a6 5. Nc3 Qc7 6. Bd3 Nc6 7. Be3 Nf6 8.
O-O Be7 9. Qe2 O-O 10. f4 d6 11. Kh1 Bd7 12. Nf3 Nb4 13. e5 Ne8 14. Ne4 Nxd3
15. cxd3 Bc6 16. Rfc1 Qd8 17. Rc3 dxe5 18. Nxe5 Bd5 19. Qf2 Nd6 20. Nc5 Nf5 21.
Na4 Nxe3 22. Qxe3 Bb4 23. Nb6 Bxc3 24. bxc3 Qc7 25. c4 Bc6 26. Nxa8 Rxa8 27. a4
a5 28. h3 h6 29. Kg1 Be8 30. Qe4 Rd8 31. Rb1 Qc5+ 32. Kh2 b6 33. Qb7 f6 34. Nf3
Rxd3 35. Qb8 Rxf3 36. Qxe8+ Kh7 37. gxf3 Qf2+ 38. Kh1 Qxf3+ 39. Kh2 Qxf4+ 40.
Kg1 Qg3+ 41. Kh1 Qxh3+ 42. Kg1 Qg4+ 43. Kh2 Qf4+ 44. Kg1 Qg3+ 45. Kh1 Qf3+ 46.
Kg1 1/2-1/2

[Event "VI Open Internacional Memorial Pedro Lez"]
[Site "Ateneo Municipal de Vecindario"]
[Date "2013.03.28"]
[Round "4"]
[White "Brochet, Philippe"]
[Black "Espinoza Palomino, Willyam"]
[Result "1/2-1/2"]
[WhiteElo "2396"]
[BlackElo "2284"]
[PlyCount "193"]
[EventDate "2013.03.25"]
[EventRounds "9"]
[EventCountry "ESP"]

1. e4 e5 2. Nc3 Nf6 3. Bc4 Bc5 4. d3 c6 5. f4 d6 6. Nf3 b5 7. Bb3 Qe7 8. Qe2 a5
9. a4 b4 10. Nd1 Nbd7 11. Ne3 Nb6 12. fxe5 dxe5 13. O-O O-O 14. Kh1 Nh5 15. Nf5
Bxf5 16. exf5 Rae8 17. Bg5 Nf6 18. Nd2 Nbd7 19. Ne4 Rb8 20. Bc4 Bb6 21. Rae1
Rfe8 22. Qf3 Rbc8 23. Qg3 Kh8 24. Qh4 Bd8 25. Rf3 Qf8 26. Rh3 h6 27. Nd6 Nd5
28. Nxc8 Bxg5 29. Qxg5 Rxc8 30. Bxd5 cxd5 31. Qd2 Kh7 32. c3 bxc3 33. bxc3 Qa3
34. c4 dxc4 35. dxc4 Qxa4 36. Rc3 Nf6 37. Qc2 Qe8 38. c5 e4 39. c6 Qe5 40. Rc5
Qf4 41. Qe2 a4 42. Rec1 a3 43. g3 Qd6 44. c7 Nd7 45. Rc6 Qd5 46. Qc4 Qxf5 47.
Rf1 Qg4 48. Qxf7 e3 49. Rc4 Qh3 50. Rh4 Ne5 51. Qf4 Qe6 52. Qxe3 Rxc7 53. Qe4+
Kg8 54. Rhf4 Rc8 55. Rf5 Re8 56. Qa4 Qc6+ 57. Qxc6 Nxc6 58. Ra1 Re3 59. Rb5 Rc3
60. Rb7 Nd4 61. Ra7 Nb5 62. Rb7 Nd4 63. Rd1 Nf3 64. Kg2 Ng5 65. Rd2 Ne6 66. Ra7
Nc7 67. Rd8+ Kh7 68. Rc8 Rc2+ 69. Kf3 a2 70. Rb8 Rxh2 71. Rbb7 Rc2 72. Ke4 Kg6
73. Kd3 Rc1 74. Rxa2 Ne6 75. Rb6 Re1 76. Kc4 Kg5 77. Kd5 Nc7+ 78. Kc6 Ne8 79.
Rb4 Nf6 80. Ra5+ Kg6 81. Rb3 Rd1 82. Ra7 Rg1 83. Ra4 Rd1 84. Re3 Rd2 85. Ra7
Rg2 86. Raa3 Rd2 87. Re7 Rg2 88. Rd3 Nh5 89. Ree3 Nf6 90. Kd6 Ra2 91. Re7 Rg2
92. Kc7 Nh5 93. Ree3 Nf6 94. Kd8 Ra2 95. Ke7 Ra7+ 96. Kd8 Ra8+ 97. Kc7 1/2-1/2

[Event "VI Open Internacional Memorial Pedro Lez"]
[Site "Ateneo Municipal de Vecindario"]
[Date "2013.03.28"]
[Round "4"]
[White "Alvarado Diaz, Alejandro"]
[Black "Kurajica, Bojan"]
[Result "1/2-1/2"]
[WhiteElo "2251"]
[BlackElo "2539"]
[PlyCount "117"]
[EventDate "2013.03.25"]
[EventRounds "9"]
[EventCountry "ESP"]

1. d4 Nf6 2. c4 e6 3. Nf3 b6 4. g3 Ba6 5. Qc2 c6 6. Bg2 d5 7. b3 Bb4+ 8. Bd2
Be7 9. O-O O-O 10. Rd1 Nbd7 11. Bf4 Rc8 12. Nc3 c5 13. dxc5 Bxc5 14. Qb2 Qe7
15. a3 d4 16. Nxd4 Bxd4 17. Rxd4 e5 18. Rxd7 Nxd7 19. Bd2 Nf6 20. Bg5 Qe6 21.
Bxf6 Qxf6 22. a4 e4 23. Rb1 e3 24. f4 Rfe8 25. Nb5 Qe7 26. Qa3 Rc5 27. Bd5 Rd8
28. Nc3 Bc8 29. b4 Rc7 30. Nb5 Rcd7 31. Rb3 Re8 32. Rd3 h5 33. Nd4 Qf6 34. Qc3
Bb7 35. Rxe3 Red8 36. Nc6 Bxc6 37. Qxf6 gxf6 38. Bxc6 Rd1+ 39. Kf2 Kf8 40. Ra3
R1d4 41. Bd5 a6 42. b5 a5 43. Rd3 Rxd3 44. exd3 Ke7 45. d4 f5 46. Ke3 f6 47.
Bf3 Kd6 48. h4 Rh8 49. Kf2 Rc8 50. Be2 Rc7 51. Ke3 Rg7 52. Kf2 Rc7 53. Ke3 Rg7
54. Bxh5 Rxg3+ 55. Bf3 Rh3 56. h5 Rh2 57. Kd3 Rh4 58. Ke3 Rh2 59. Kd3 1/2-1/2

[Event "VI Open Internacional Memorial Pedro Lez"]
[Site "Ateneo Municipal de Vecindario"]
[Date "2013.03.28"]
[Round "4"]
[White "Vega Gutierrez, Belinda"]
[Black "Bergez, Luc"]
[Result "0-1"]
[WhiteElo "2190"]
[BlackElo "2375"]
[PlyCount "98"]
[EventDate "2013.03.25"]
[EventRounds "9"]
[EventCountry "ESP"]

1. e4 c6 2. d4 d5 3. Nc3 dxe4 4. Nxe4 Nf6 5. Nxf6+ exf6 6. c3 Bd6 7. Bd3 O-O 8.
Ne2 Re8 9. Qc2 h6 10. O-O Qc7 11. h3 Nd7 12. Be3 c5 13. Qd2 c4 14. Bc2 Nf8 15.
Rae1 Ng6 16. f4 Bd7 17. f5 Ne7 18. Be4 Bc6 19. Bxc6 bxc6 20. b3 cxb3 21. axb3
Rab8 22. b4 a5 23. bxa5 Nd5 24. Bf2 Qxa5 25. Ra1 Qb5 26. Rfe1 Ne7 27. g4 Nd5
28. Qc2 Qc4 29. Ra4 Rb4 30. Rxb4 Nxb4 31. Qa4 Rxe2 32. Rxe2 Qxe2 33. cxb4 Qc4
34. Qa8+ Kh7 35. Qb7 Bxb4 36. d5 cxd5 37. Qxf7 Qc1+ 38. Kg2 Qc6 39. Kg1 Bd2 40.
Kf1 Qc4+ 41. Kg1 Qe4 42. Qe6 Qxe6 43. fxe6 Bb4 44. Bb6 Kg8 45. Kf2 Kf8 46. h4
Ke7 47. g5 hxg5 48. hxg5 f5 49. g6 Bc3 0-1

[Event "VI Open Internacional Memorial Pedro Lez"]
[Site "Ateneo Municipal de Vecindario"]
[Date "2013.03.28"]
[Round "4"]
[White "Gutierrez Olivares, Daniel"]
[Black "Sarmiento Afonso, Santiago"]
[Result "1-0"]
[WhiteElo "2367"]
[BlackElo "2141"]
[PlyCount "107"]
[EventDate "2013.03.25"]
[EventRounds "9"]
[EventCountry "ESP"]

1. c4 e5 2. Nc3 Nf6 3. Nf3 Nc6 4. e4 Bc5 5. Nxe5 Nxe5 6. d4 Bb4 7. dxe5 Nxe4 8.
Qf3 Nxc3 9. bxc3 Be7 10. Qg3 Bf8 11. Bg5 f6 12. exf6 gxf6 13. Be3 d6 14. Qf3
Qe7 15. Bd3 Bg7 16. O-O O-O 17. Rfe1 Qf7 18. Bd2 f5 19. Re2 Qg6 20. Rae1 Bf6
21. Re3 c6 22. Qd1 Kh8 23. Rg3 Qf7 24. Qc2 Be5 25. Rh3 Rg8 26. f4 Bg7 27. Rhe3
Bf6 28. Bxf5 Bh4 29. Bxc8 Bxe1 30. Be6 Bxd2 31. Bxf7 Bxe3+ 32. Kh1 Bxf4 33.
Bxg8 Kxg8 34. Qe4 Rf8 35. g3 Be5 36. c5 Rf7 37. cxd6 Bxd6 38. Qg4+ Kf8 39. Qd4
Bc7 40. Qh8+ Ke7 41. Qc8 Kd6 42. Qxb7 a5 43. Kg2 Rf8 44. Qb1 Rf7 45. Qe4 Kd7
46. Qd4+ Kc8 47. h4 Kb7 48. g4 Rf4 49. Qd7 h5 50. g5 Rxh4 51. g6 Rh2+ 52. Kg1
Rxa2 53. g7 Ra1+ 54. Kg2 1-0

[Event "VI Open Internacional Memorial Pedro Lez"]
[Site "Ateneo Municipal de Vecindario"]
[Date "2013.03.28"]
[Round "4"]
[White "Robin, Samy"]
[Black "Ramirez Medina, Victor"]
[Result "1-0"]
[WhiteElo "2254"]
[BlackElo "1930"]
[PlyCount "83"]
[EventDate "2013.03.25"]
[EventRounds "9"]
[EventCountry "ESP"]

1. e4 c5 2. Nf3 d6 3. g3 Nc6 4. Bg2 g6 5. c3 Nf6 6. Qe2 e5 7. O-O Bg7 8. d3 O-O
9. h3 h6 10. Be3 Re8 11. Nbd2 Rb8 12. Rfd1 b6 13. g4 d5 14. g5 hxg5 15. Bxg5 d4
16. c4 Be6 17. Nxe5 Nxe5 18. f4 Ned7 19. e5 Qc8 20. exf6 Bxh3 21. Ne4 Rxe4 22.
Qxe4 Nxf6 23. Bxf6 Bxf6 24. Re1 Bf5 25. Qf3 Kg7 26. Qg3 b5 27. cxb5 Rxb5 28. b3
Rb6 29. Rac1 Ra6 30. Rc2 Qd7 31. Be4 Bg4 32. Rxc5 Rxa2 33. f5 Qe7 34. Rec1 Bh5
35. fxg6 Bh4 36. Rxh5 Bxg3 37. Rh7+ Kf6 38. g7 Qa3 39. Rf1+ Rf2 40. g8=Q Rxf1+
41. Kxf1 Qc1+ 42. Kg2 1-0

[Event "VI Open Internacional Memorial Pedro Lez"]
[Site "Ateneo Municipal de Vecindario"]
[Date "2013.03.28"]
[Round "4"]
[White "Bressac, Stephane"]
[Black "Aguila Hernandez, Eduardo"]
[Result "1-0"]
[WhiteElo "2284"]
[BlackElo "1871"]
[PlyCount "69"]
[EventDate "2013.03.25"]
[EventRounds "9"]
[EventCountry "ESP"]

1. e4 c5 2. Nf3 e6 3. g3 a6 4. Bg2 b5 5. O-O Bb7 6. d4 Bxe4 7. Re1 d5 8. Nc3
Bg6 9. dxc5 Be7 10. Ne5 Nf6 11. b4 O-O 12. a4 bxa4 13. Nxa4 Nbd7 14. Nc6 Qe8
15. c4 dxc4 16. Nxe7+ Qxe7 17. Bxa8 Rxa8 18. c6 Nf8 19. Bf4 Bh5 20. Qd2 Ne8 21.
Qc3 Ng6 22. Qxc4 Nxf4 23. Qxf4 Nc7 24. Nb6 Rd8 25. Qe5 Bf3 26. Qc3 Bd5 27. Rad1
Nb5 28. Nxd5 Rxd5 29. Rxd5 Nxc3 30. Rd7 Qe8 31. Re3 h5 32. Rxc3 Kh7 33. Rd1 h4
34. c7 hxg3 35. hxg3 1-0

[Event "VI Open Internacional Memorial Pedro Lez"]
[Site "Ateneo Municipal de Vecindario"]
[Date "2013.03.28"]
[Round "4"]
[White "Fernandez De La Hoz, A Carlos"]
[Black "Herrera Reyes, Jose Antonio"]
[Result "0-1"]
[WhiteElo "1871"]
[BlackElo "2252"]
[PlyCount "96"]
[EventDate "2013.03.25"]
[EventRounds "9"]
[EventCountry "ESP"]

1. e4 c5 2. Nf3 e6 3. d4 cxd4 4. Nxd4 Nf6 5. Bd3 Nc6 6. Nb3 d5 7. exd5 exd5 8.
O-O h6 9. Bf4 Bd6 10. Qd2 O-O 11. Bxh6 gxh6 12. Qxh6 Ne4 13. Bxe4 dxe4 14. Nc3
Re8 15. Rad1 Re6 16. Qh5 Qf8 17. Rd5 Rh6 18. Qg5+ Rg6 19. Qd2 Bh3 20. Rg5 Qg7
21. Nxe4 Bxg2 22. Kxg2 Rd8 23. Rxg6 Qxg6+ 24. Qg5 $11 Qxg5+ 25. Nxg5 Be5 26. c3
b5 27. f4 Bc7 28. Ne4 a5 29. Kf3 Bb6 30. h4 a4 31. Nc1 Ne7 32. Nf2 Rd2 33. b3
a3 34. c4 bxc4 35. bxc4 Nf5 36. Ne4 Nxh4+ 37. Kg4 f5+ 38. Kxh4 fxe4 39. Kg4 Kf7
40. Rh1 Rc2 41. Kf5 e3 42. Nd3 e2 43. Rh7+ Kg8 44. Rb7 Bd4 45. Ke4 Bc3 46. Rb3
Rd2 47. Ne1 Rd4+ 48. Ke3 Bxe1 0-1

[Event "VI Open Internacional Memorial Pedro Lez"]
[Site "Ateneo Municipal de Vecindario"]
[Date "2013.03.28"]
[Round "4"]
[White "Diaz Suarez, Cayetano"]
[Black "De La Cruz Sanchez, Carlos G"]
[Result "0-1"]
[WhiteElo "1848"]
[BlackElo "2242"]
[PlyCount "64"]
[EventDate "2013.03.25"]
[EventRounds "9"]
[EventCountry "ESP"]

1. e4 c5 2. Nf3 e6 3. d3 d5 4. Nbd2 Bd6 5. g3 Ne7 6. Bg2 Nbc6 7. O-O O-O 8. Re1
Bc7 9. exd5 Nxd5 10. Ne4 b6 11. Nfg5 h6 12. Nh3 Bb7 13. Qh5 Nf6 14. Nxf6+ Qxf6
15. Be4 Rfd8 16. g4 Qe5 17. Bh7+ Kxh7 18. Rxe5 Nxe5 19. Bf4 f6 20. Bxe5 Bxe5
21. g5 Rd7 22. g6+ Kh8 23. Re1 Re8 24. Rxe5 fxe5 25. Qxe5 c4 26. Nf4 cxd3 27.
cxd3 Rc8 28. Ne2 Rxd3 29. h4 Rh3 30. f3 Rxf3 31. Nd4 Rc1+ 32. Kh2 Rh1+ 0-1

[Event "VI Open Internacional Memorial Pedro Lez"]
[Site "Ateneo Municipal de Vecindario"]
[Date "2013.03.28"]
[Round "4"]
[White "Rodriguez Ferraz, Borja"]
[Black "Saad Addin Quintana, Samir N"]
[Result "1-0"]
[WhiteElo "2196"]
[BlackElo "1858"]
[PlyCount "73"]
[EventDate "2013.03.25"]
[EventRounds "9"]
[EventCountry "ESP"]

1. d4 Nf6 2. c4 c5 3. e3 e6 4. Nf3 d5 5. Nc3 Be7 6. dxc5 Bxc5 7. cxd5 exd5 8.
Bb5+ Bd7 9. O-O Bxb5 10. Nxb5 Qd7 11. Nbd4 Nc6 12. b3 O-O 13. Bb2 Rac8 14. Rc1
Ne4 15. Qe2 Rfd8 16. Rfd1 Nb4 17. Ne5 Qd6 18. Nf5 Qf8 19. Qg4 g6 20. f3 h5 21.
Qf4 gxf5 22. fxe4 fxe4 23. Rxc5 Rxc5 24. Qg5+ Kh7 25. Qxh5+ Qh6 26. Qxf7+ Qg7
27. Qxg7+ Kxg7 28. Nd7+ Kg6 29. Nxc5 Rc8 30. Nxb7 Rc2 31. Bd4 Rxa2 32. Ra1
Rxa1+ 33. Bxa1 Nc2 34. Bd4 Nxd4 35. exd4 e3 36. Kf1 Kf5 37. Nc5 1-0

[Event "VI Open Internacional Memorial Pedro Lez"]
[Site "Ateneo Municipal de Vecindario"]
[Date "2013.03.28"]
[Round "4"]
[White "Aguilera Suarez, Antonio"]
[Black "Menvielle Laccourreye, Augusto"]
[Result "1-0"]
[WhiteElo "1842"]
[BlackElo "2150"]
[PlyCount "119"]
[EventDate "2013.03.25"]
[EventRounds "9"]
[EventCountry "ESP"]

1. e4 d6 2. d4 Nf6 3. Bd3 e5 4. d5 Nbd7 5. c4 Nc5 6. Nc3 Be7 7. Nge2 c6 8. b4
Nxd3+ 9. Qxd3 O-O 10. O-O Bd7 11. c5 cxd5 12. exd5 Qe8 13. Bg5 dxc5 14. d6 Bd8
15. bxc5 Bc6 16. Rfe1 Nd7 17. Be3 b6 18. cxb6 axb6 19. Nd5 Qe6 20. Nb4 Bb7 21.
Red1 Qg4 22. Nd5 Ra5 23. f3 Qe6 24. Nc7 Qf6 25. Nc3 Nc5 26. Qd2 Bxc7 27. dxc7
Qc6 28. Qd6 Ne6 29. Qxc6 Bxc6 30. Bxb6 Raa8 31. Rd6 Bb7 32. a4 Rfc8 33. Rad1 g6
34. Nd5 Bxd5 35. R1xd5 Kg7 36. Rxe5 Rxa4 37. Rd8 Rxc7 38. Bxc7 Nxc7 39. Rd7 Na6
40. Ra7 Nc5 41. Rxa4 Nxa4 42. Kf2 Nb6 43. Rb5 Nd7 44. g4 Nf6 45. Kg3 h6 46. h4
h5 47. Kf4 hxg4 48. fxg4 Ne8 49. g5 Nc7 50. Ra5 Kf8 51. Kg4 Kg7 52. h5 gxh5+
53. Kxh5 Ne6 54. Kg4 Nf8 55. Kf5 Ng6 56. Ra6 Nf8 57. Rc6 Ng6 58. Rxg6+ fxg6+
59. Ke6 Kf8 60. Kf6 1-0

[Event "VI Open Internacional Memorial Pedro Lez"]
[Site "Ateneo Municipal de Vecindario"]
[Date "2013.03.28"]
[Round "4"]
[White "Capote Robayna, Nathaniel"]
[Black "Guerra Arrocha, Daniel"]
[Result "1-0"]
[WhiteElo "2073"]
[BlackElo "1848"]
[PlyCount "77"]
[EventDate "2013.03.25"]
[EventRounds "9"]
[EventCountry "ESP"]

1. e4 e5 2. Nf3 Bc5 3. Bc4 Nc6 4. O-O Nf6 5. d4 Bxd4 6. Nxd4 Nxd4 7. Bg5 h6 8.
Bh4 g5 9. f4 gxf4 10. Rxf4 Ne2+ 11. Bxe2 exf4 12. Qd4 c5 13. Qe5+ Qe7 14. Bxf6
Qxe5 15. Bxe5 O-O 16. Nc3 Re8 17. Bxf4 f5 18. Nd5 Kg7 19. Nc7 Rxe4 20. Bf3 Rxf4
21. Nxa8 Rd4 22. Rd1 Rxd1+ 23. Bxd1 d5 24. Nc7 d4 25. Ne8+ Kg6 26. Nd6 Bd7 27.
Nxb7 c4 28. c3 d3 29. Kf2 f4 30. Na5 Be6 31. b3 cxb3 32. axb3 Bd5 33. Bf3 Be6
34. Be4+ Kf6 35. Bxd3 Bd5 36. c4 Bf7 37. Nc6 a6 38. Nb8 Ke5 39. Nxa6 1-0

[Event "VI Open Internacional Memorial Pedro Lez"]
[Site "Ateneo Municipal de Vecindario"]
[Date "2013.03.28"]
[Round "4"]
[White "Rodriguez Mellado, Antonio"]
[Black "Uta, Adeline-Ramona"]
[Result "0-1"]
[WhiteElo "1797"]
[BlackElo "2053"]
[PlyCount "66"]
[EventDate "2013.03.25"]
[EventRounds "9"]
[EventCountry "ESP"]

1. e4 c5 2. Nf3 d6 3. c3 Nf6 4. Bc4 Nc6 5. d3 e6 6. O-O Be7 7. Re1 O-O 8. d4 d5
9. exd5 exd5 10. Bb3 Bg4 11. dxc5 Bxc5 12. Bg5 Qb6 13. Be3 Rad8 14. h3 d4 15.
cxd4 Bxd4 16. Bxd4 Rxd4 17. Qe2 Re4 18. Qd1 Rd8 19. Nbd2 Bxf3 20. Qxf3 Nd4 21.
Qd1 Nxb3 22. axb3 Red4 23. Re2 Qb4 24. Rc1 g6 25. Rc2 Ne4 26. Qe1 Nxd2 27. Re8+
Rxe8 28. Qxe8+ Qf8 29. Qe5 Rd8 30. Qe3 Qd6 31. Rc3 Qd4 32. Rc8 Nf3+ 33. gxf3
Qd1+ 0-1

[Event "VI Open Internacional Memorial Pedro Lez"]
[Site "Ateneo Municipal de Vecindario"]
[Date "2013.03.28"]
[Round "4"]
[White "Padilla Socorro, Jesus"]
[Black "Cruz Gomez, Isidro"]
[Result "1/2-1/2"]
[WhiteElo "1753"]
[BlackElo "2025"]
[PlyCount "83"]
[EventDate "2013.03.25"]
[EventRounds "9"]
[EventCountry "ESP"]

1. e4 e5 2. Nf3 Nc6 3. Bc4 Nf6 4. Nc3 Nxe4 5. Nxe4 d5 6. Bb5 dxe4 7. Nxe5 Qd5
8. Nxc6 Qxb5 9. Nd4 Qe5 10. Nb3 Bd6 11. Qe2 O-O 12. d4 exd3 13. Qxe5 Bxe5 14.
cxd3 Bf5 15. d4 Bf6 16. Bf4 Rfe8+ 17. Kd2 c6 18. Rhe1 Rad8 19. Rxe8+ Rxe8 20.
Re1 Rxe1 21. Kxe1 Be6 22. Be5 Be7 23. Kd2 Bxb3 24. axb3 f6 25. Bg3 Kf7 26. Kd3
Ke6 27. f3 Kd5 28. Kc3 Bd6 29. Bxd6 Kxd6 30. Kc4 a5 31. b4 b5+ 32. Kc3 a4 33.
Kd3 f5 34. Kc3 h5 35. h4 Ke6 36. Kd3 Kf6 37. f4 Ke6 38. Ke3 Kd6 39. Kd2 Ke6 40.
Ke2 Kd7 41. Kd2 Ke7 42. Ke2 1/2-1/2